Review of the 1988 amendments to the Federal Insecticide, Fungicide, and Rodenticide Act : hearings before the Subcommittee on Department Operations, Research, and Foreign Agriculture of the Committee on Agriculture, House of Representatives, One Hundred Second Congress, first session, April 16, and 23, 1991.

Bibliographic Details
Corporate Authors: United States. Congress. House. Committee on Agriculture. Subcommittee on Department Operations, Research, and Foreign Agriculture, ProQuest (Firm)
Format: Government Document eBook
Language:English
Published: Washington : U.S. G.P.O., 1992.
Series:U.S. Congressional Hearings.
Subjects:
Online Access:Connect to the full text of this electronic book

MARC

Tag First Indicator Second Indicator Subfields
LEADER 00000cam a22000001a 4500
001 in00003291069
006 m d f
007 cr bn mmmapmmp
008 091022s1992 dcua ob f000 0 eng d
005 20260504201028.3
035 |a cis2007459586 
040 |a UMI  |c UMI  |d UtOrBLW 
043 |a n-us--- 
074 |a 1010-A, 1010-B (MF) 
086 0 |a Y 4.Ag 8/1:102-16 
088 |a Serial no. 102-16 (United States. Congress. House. Committee on Agriculture) 
099 |a HRG-1991-HAG-0019 
110 1 |a United States.  |b Congress.  |b House.  |b Committee on Agriculture.  |b Subcommittee on Department Operations, Research, and Foreign Agriculture. 
245 1 0 |a Review of the 1988 amendments to the Federal Insecticide, Fungicide, and Rodenticide Act :  |b hearings before the Subcommittee on Department Operations, Research, and Foreign Agriculture of the Committee on Agriculture, House of Representatives, One Hundred Second Congress, first session, April 16, and 23, 1991. 
264 1 |a Washington :  |b U.S. G.P.O.,  |c 1992. 
300 |a 1 online resource. 
336 |a text  |b txt  |2 rdacontent 
337 |a computer  |b c  |2 rdamedia 
338 |a online resource  |b cr  |2 rdacarrier 
500 |a Record is based on bibliographic data in ProQuest Congressional Hearings Digital Collection. Reuse except for individual research requires license from ProQuest, LLC. 
504 |a Includes bibliographical references. 
538 |a System requirements: PDF reader software. 
500 |a Electronic resource. 
650 0 |a Pesticides  |x Government policy  |z United States. 
655 7 |a Electronic books.  |2 local 
710 2 |a ProQuest (Firm) 
776 0 8 |i Print version:  |a United States. Congress. House. Committee on Agriculture. Subcommittee on Department Operations, Research, and Foreign Agriculture  |t Review of the 1988 amendments to the Federal Insecticide, Fungicide, and Rodenticide Act  |w (DGPO)92067482  |w (OCoLC)25615069 
776 0 8 |i Microfiche version:  |a United States. Congress. House. Committee on Agriculture. Subcommittee on Department Operations, Research, and Foreign Agriculture  |t Review of the 1988 amendments to the Federal Insecticide, Fungicide, and Rodenticide Act.  |d [Bethesda, Md.] : ProQuest,[2004]  |o CIS 92 H161-16  |w (ProQuest)cis09200082 
830 0 |a U.S. Congressional Hearings. 
856 4 0 |u http://proxy.library.tamu.edu/login?url=https://congressional.proquest.com/congcomp/getdoc?HEARING-ID=HRG-1991-HAG-0019  |z Connect to the full text of this electronic book  |t 0 
998 |a cis09200082 
999 |a MARS 
999 f f |s 596f3f0d-68da-3a6f-8efa-85ce12552cbe  |i 407ca4cf-ff41-3466-a2f1-6da6f744ff5e  |t 0 
952 f f |a Texas A&M University  |b College Station  |c Electronic Resources  |s www_evans  |d Available Online  |t 0  |e HRG-1991-HAG-0019  |h Other scheme 
998 f f |a HRG-1991-HAG-0019  |t 0  |l Available Online